ალექსი რობაქიძე, 100 წელი : (ბიბ.ჩანაწერი № 59835)
[ მარტივი ფორმატი ]
| 000 -ლიდერი | |
|---|---|
| ფიქსირებული სიგრძის საკონტროლო ველი | 01201nam a22002057a 4500 |
| 003 - საკონტროლო ნომრის იდენტიფიკატორი | |
| საკონტროლო ველი | Ge_BSU |
| 005 - ბოლო ოპერაციის თარიღი და დრო | |
| საკონტროლო ველი | 20230426143945.0 |
| 008 - ფიქსირებული სიგრძის მონაცემთა ელემენტები - ზოგადი ინფორმაცია | |
| ფიქსირებული სიგრძის საკონტროლო ველი | 230426s2007ge xxu||||| |||| 00| 0 geo d |
| 041 ## - ენის კოდი | |
| Language code of text/sound track or separate title | geo |
| 080 ## - უნივერსალური ათობითი კლასიფიკაციის ინდექსი | |
| Universal Decimal Classification number | 39(479.22)(092)+929(479.22) რ-71 |
| 100 ## - მთავარი ჩანაწერი - პიროვნების სახელი | |
| Personal name | რობაქიძე, ლინა, ავტორი. |
| 9 (RLIN) | 17815 |
| 245 ## - ცნობა სათაურის შესახებ | |
| Title | ალექსი რობაქიძე, 100 წელი : |
| Remainder of title | [მოგონებები] / |
| Statement of responsibility, etc | ლინა რობაქიძე ; რედ. ვახტანგ შამილაძე ; დიზაინი დავით სულაქველიძე. |
| 264 ## - წარმოების, გამოცემის, დისტრიბუციის და სხვა ცნობები | |
| გამოცემის, წარმოების, დისტრიბუციის... ადგილი | [თბილისი], |
| გამოცემის, წარმოების, დისტრიბუციის... თარიღი | 2007. |
| 300 ## - ფიზიკური აღწერა | |
| Extent | 138 გვ. : |
| Other physical details | ფოტ. ; |
| Dimensions | 20 სმ. |
| 500 ## - ზოგადი შენიშვნა | |
| General note | ყდაზე ავტორი მითითებული არ არის. ეძღვნება მეუღლის ხსოვნას. |
| 653 ## - INDEX TERM--UNCONTROLLED | |
| Uncontrolled term | ქართველი ეთნოგრაფები |
| 653 ## - INDEX TERM--UNCONTROLLED | |
| Uncontrolled term | ცნობილ ქართველ ადამიანთა ბიოგრაფიები |
| 700 ## - ADDED ENTRY--PERSONAL NAME | |
| Personal name | შამილაძე, ვახტანგ |
| Relator term | რედაქტორი |
| 9 (RLIN) | 17816 |
| 942 ## - ADDED ENTRY ELEMENTS (KOHA) | |
| Source of classification or shelving scheme | |
| Koha item type | წიგნი |
| ჩამოწერის სტატუსი | დაკარგული ეგზემპლარის სტატუსი | კლასიფიკაციის წყარო ან თაროზე გაწყობის სქემა | დაზიანების სტატუსი | არ გაიცემა | მუდმივი მდებარეობა (დაცვის ადგილი) | ამჟამინდელი ადგილსამყოფელი | თაროზე განთავსების ადგილი | შეძენის თარიღი | ღირებულება, შესყიდვის ნორმალური ფასი | სრული შენახვის შიფრი | შტრიხკოდი | ბოლო ოპერაციის თარიღი | ეგზემპლარის მიმდევრობითი ნომერი (კეტერი?) | Uniform Resource Identifier | ფასის ძალაში შესვლის თარიღი | ეგზემპლარის სახეობა | საჯარო შენიშვნა |
|---|---|---|---|---|---|---|---|---|---|---|---|---|---|---|---|---|---|
| ბათუმის შოთა რუსთაველის სახელმწიფო უნივერსიტეტის მთავარი ბიბლიოთეკა | ბათუმის შოთა რუსთაველის სახელმწიფო უნივერსიტეტის მთავარი ბიბლიოთეკა | წიგნსაცავი | 2023-04-26 | 6.00 | 39(479.22)(092)+929(479.22) რ-71 | 64311 | 2023-04-26 | 64311 | ბსუ-ს საპატიო დოქტორის გურამ ლორთქიფანიძის საჩუქარი | 2023-04-26 | წიგნი | 6.00 |
